[Event "75e Noteboom Toernooi"]
[Site "?"]
[Date "2015.02.14"]
[Round "3"]
[White "Sprenger, Jan"]
[Black "Fridman, Daniel"]
[Result "1-0"]
[Annotator "Sprenger,Jan"]
[BlackElo "2651"]
[EventDate "2015.??.??"]
[PlyCount "49"]
[WhiteElo "2496"]

1. e4 g6 2. d4 Bg7 3. Nf3 d6 4. Bc4 c6 5. O-O d5 $6 { Im Lichte der Partie bin
ich doch geneigt, dies als Tempoverlust anzusehen, der Weiß das etwas bessere
Spiel gibt.}  6. Bb3 $1 Bg4 { Auch dieser Zug ist ehrgeizig, aber dürfte den
Bogen etwas überspannen.}  ( 6... dxe4 7. Ng5 Nh6 8. Nxe4 )( 6... Nf6 7. e5
$140 Ne4 )7. Nc3 { Auch sofort h3 oder Sd2 waren möglich.}  7... Nf6 8. h3 $1
Bxf3 ( 8... dxe4 $2 9. Bxf7+ Kf8 ( 9... Kxf7 10. Ne5+ )10. hxg4 exf3 11. Be6
$18 )9. Qxf3 e6 ( 9... dxe4 10. Nxe4 Qxd4 { war vielleicht spielbar, ist aber
auch nicht angenehm.}  11. Re1 O-O 12. c3 Qd8 13. Bf4 $36 )10. Re1 Nxe4 11.
Nxe4 dxe4 12. Rxe4 O-O 13. h4 $5 Qa5 14. Bf4 Re8 ( 14... Nd7 { erscheint mir
natürlicher; eine Figur wird entwickelt und das Feld f7 wird nicht entblößt.
Das naheliegende}  15. Bd6 Rfe8 16. Rf4 f5 17. h5 Nf6 { ist wegen der
schlechten Stellung des Tf4 nicht so deutlich.}  )15. Rae1 $5 { Um ehrlich zu
sein: ich sah Ld4: erst, als ich den Ta1 bereits nach rechts schob. In
Sekundenbruchteilen entschloss ich mich aber, den Zug ohne Zögern zu vollenden
anstelle den Turm nach a1 zurückzubeordern und noch einmal über das richtige
Feld  (  d1 oder e1  )  nachzudenken. Erstens wäre es ziemlich peinlich
einzugestehen, dass ich ein so simples Motiv nicht auf dem Radar hatte,
zweitens dachte ich mir, dass Schwarz das angesichts des weißen
Angriffspotentials sowieso nicht spielen würde...}  15... Bxd4 $2 ( 15... Nd7
$14)16. h5 $1 ( 16. Rxd4 Qxe1+ 17. Kh2 Qa5 { ist zu wenig für Weiß.}  )( 16.
Rxe6 $2 fxe6 17. Rxe6 Rxe6 18. Bxe6+ Kg7 { funktioniert für Weiß nicht, kommt
aber in die Nähe  (  was bizarr genug  )  . Ein Ausflug in die wunderbare Welt
der Engines gefällig?}  19. Be3 ( 19. Bh6+ Kxh6 20. Qf8+ Bg7 ( 20... Kh5 $4 21.
g4+ Kxh4 22. Qh6+ ) 21. Qf4+ g5 22. hxg5+ Qxg5 $19 )( 19. c3 $5 Bf6 20. g4 $1 {
(  Dass man sich mit einem Minusturm zwei stille Züge leisten kann...  )} 
20... Nd7 ( 20... Na6 $2 21. Bh6+ ) 21. Bxd7 { und ungeachtet seiner
Minusqualität spielt Weiß noch mit.}  )19... Bf6 20. Bh6+ Kxh6 21. Qxf6 { und
nun hat Schwarz anscheinend nichts Besseres als}  21... Nd7 22. Bxd7 Qc5 $17
)16... Na6 ( 16... Nd7 17. Rd1 c5 18. c3 Nf6 19. cxd4 Nxe4 20. Qxe4 $18 )(
16... Bxb2 17. Rxe6 $1 Qxe1+ ( 17... fxe6 18. Rxe6 Rxe6 19. Bxe6+ Kg7 20. h6+
$1 )18. Rxe1 Rxe1+ 19. Kh2 Re7 ( 19... Nd7 20. Bxf7+ Kxf7 21. Bd2+ $18 )20. Bd6
Rd7 21. Qg3 $1 $18 )17. c3 Bg7 $6 { h6 mit Tempo zuzulassen ist keine gute
Idee.}  ( 17... Bf6)18. h6 Bf6 $2 ( 18... Bf8 $1 { Mit diesem Zug kann Schwarz
noch kämpfen, wobei er natürlich am Rande des Abgrunds balanciert.}  19. Rxe6
Rxe6 20. Rxe6 $3 { Hier sind zwei Ausrufezeichen wirklich verdient, denn die
Rechtfertigung ist etwas komplexer.}  20... Qf5 $1 ( 20... fxe6 21. Bxe6+ Kh8
22. Qe3 Bxh6 23. Bxh6 Rd8 ( 23... Qc5 24. Qf4 ) 24. Bg5 Rd1+ 25. Kh2 h5 ( 25...
Kg7 26. Qf4 ) 26. Bf6+ Kh7 27. Bg8+ $1 $18 )21. Re5 $16 )( 18... Bh8 19. Rxe6
$1 Rxe6 20. Rxe6 Nc5 ( 20... fxe6 21. Bxe6+ Kf8 22. Bd6+ Ke8 23. Qf8# )21.
Rxg6+ hxg6 22. Bxf7+ Kxf7 23. Bc7+ $18 )19. Bd6 { Der zweitbeste Zug.}  ( 19.
Bg3 $1 { war noch forcierter.}  19... Bg5 ( 19... Qd8 20. Rd1 Qe7 21. Rd7 $1
Qxd7 22. Qxf6 Kf8 23. Bh4 $18 )20. Re5 Qd8 21. Rxe6 $1 { gewinnt mit denselben
Ideen als in der Partie  (  und sogar noch einfacher, weil Weiß bereits das
Feld e5 kontrolliert  )  .}  )19... Bg5 ( 19... Qd8 $1 { Hier fanden wir in der
Analyse keinen Gewinn. Der Computer spuckt aber das ebenso logische wie
unerwartete}  20. Bg3 $3 { aus.  (  Hätte ich diesen Zug gefunden?  )  Wieder
droht unabwendbar Td1 und Td7, und auf}  20... Bg5 { entscheidet}  21. Rxe6 $1
)20. Rxe6 $1 { Trotz des Knalleffekts ist der Zug nicht mehr als ein
Ausrufezeichen wert: die Varianten sind elegant, aber leicht zu berechnen.} 
20... fxe6 ( 20... Rxe6 21. Rxe6 Bxh6 ( 21... Qf5 22. Qe2 $1 $18 )22. Re8+ Rxe8
23. Qxf7+ Kh8 24. Qxe8+ Kg7 25. Qf8# )21. Rxe6 Rxe6 ( 21... Kh8 22. Qf7 Rg8 23.
Re7 Bxe7 24. Bxe7 { und Weiß setzt matt.}  )22. Bxe6+ Kh8 23. Bf8 { Schwarz
kann das Feld g7 nicht verteidigen.}  ( 23. b4 { gewinnt auch, aber der
Partiezug ist ästhetischer.} )23... Bxh6 ( 23... Qc7 24. Bg7+ Qxg7 25. hxg7+
Kxg7 26. Qf7+ Kh6 27. Qxb7 Re8 28. Qxc6 $18 )24. Qf6+ Bg7 25. Bxg7#  1-0

[Event "Salinello Open"]
[Site "?"]
[Date "2015.05.28"]
[Round "3"]
[White "Greenfeld, Alon"]
[Black "Sprenger, Jan"]
[Result "0-1"]
[Annotator "Sprenger,Jan"]
[BlackElo "2500"]
[EventDate "2015.??.??"]
[PlyCount "84"]
[WhiteElo "2540"]

1. d4 d5 2. c4 dxc4 3. e4 e5 4. Nf3 exd4 5. Bxc4 Nc6 6. O-O Be6 7. Nbd2 $5 {
Over het bord geimproviseerd, zoals het tijdverbruik van 25 minuten tot en met
hier duidelijk maakt. Maar ik ging nu ook de denktank in. Helaas had ik niet
alleen maar de inhoud van de training met Jan-Willem en Arthur vergeten, maar
ook dat we deze variant ooit hadden geanalyseerd.}  7... Bxc4 { Meerdere zetten
zijn hier mogelijk, dus misschien is het  (  achteraf gezien  )  niet zo handig
om over deze en de volgende zet in totaal 40 minuten na denken.}  8. Nxc4 Bc5
9. Nfe5 $5 ( 9. Qb3 $1 { is het meest principieel.}  9... Nge7 ( 9... Bb6 10.
Rd1 Nf6 11. Be3 O-O 12. Nxb6 axb6 13. Nxd4 $14 )10. Qxb7 { is waarschijnlijk
een variant van de 7. Le6:-variant, die iets gunstiger voor wit is.}  10... Bb6
11. Bf4 $36 )9... Nxe5 10. Nxe5 Qf6 $1 ( 10... Nf6 11. Bg5 O-O 12. Bxf6 gxf6
13. Ng4 $44 )11. Qa4+ c6 12. Nd3 Bb6 13. Bf4 Ne7 14. Be5 Qg6 { Erg menselijk,
maar misschien niet het beste.}  ( 14... Qe6 $1 15. Bxg7 Rg8 16. Be5 O-O-O $132
{ Komodo vindt de zwarte aanval net zo hard gaan als de witte en in dit soort
stellingen vertrouw ik hem.}  )15. Qb4 $2 { Meerdere zetten waren mogelijk,
maar dit loopt in een eenvoudige tactiek.}  15... c5 16. Nxc5 $6 ( 16. Qb5+ Nc6
17. Bg3 O-O 18. f3 f5 { was misschien het mindere kwaad.}  )16... Nc6 17. Qb5
O-O 18. Bg3 Bxc5 19. Qxc5 Qxe4 20. Rfe1 Qg4 { De dame gaat terug naar d7, waar
zij c.q. de pion op b7 verdedigt. Wit heeft onvoldoende compensatie voor de
verloren pion.}  21. f3 ( 21. b4 d3 $1 $36 )21... Qd7 22. Red1 Rfd8 23. Rd2 Qd5
24. b4 $6 { Hierna kan zwart ook tegen a2 spelen.}  24... a5 $1 25. Bc7 $2 {
Een blunder, die een tweede pion kost.}  ( 25. Qxd5 Rxd5 26. bxa5 Raxa5 27. Rb1
Rab5 $17 { /-+}  )25... axb4 $1 $19 26. Qb6 Rdc8 27. Rc1 Qd7 28. Bg3 Ra6 29.
Qb5 Ra5 30. Qb6 $5 { Dat hoort te verliezen, maar nu wordt het ten minste nog
complex als zwart het meteen wil afmaken. En beide spelers hadden weinig tijd
over, wit iets minder dan zwart. Inderdaad dacht ik nu dat ik een stuk en de
partij zou winnen.}  30... Rca8 $1 31. Bc7 R5a6 ( 31... Rxa2 $1 { is het meest
helder.}  32. Rxa2 Rxa2 33. Qxb7 { en hier miste ik}  33... d3 $1 34. Qxc6 (
34. Qb6 Rc2 $19 )34... d2 $1 $19 { Een verschijnsel dat zich later in de partij
zou herhalen...}  )32. Qxb7 R8a7 ( 32... h6 $1 { is blijkbaar het makkelijkste.
Zwart haalt alle matbeelden uit de stelling alvorens het stuk te pakken.}  33.
Rdc2 d3 $1 34. Rxc6 d2 $1 )33. Qb5 Qxc7 34. Rdc2 { Dit had ik toch allemaal
niet goed gezien. Maar zwart staat steeds nog totaal gewonnen.}  34... Qd8 $6 {
(  veel zetten zijn nauwkeuriger, bijv. De7 en h6  )}  35. Rxc6 Rxc6 36. Rxc6
$6 ( 36. Qxc6 { geeft nog bepaalde praktische kansen.} )36... Rxa2 $1 37. Qxb4
$2 { Kiest voor en snel eind.}  ( 37. Rc1 h6 38. Qxb4 d3 $19 { (  met een klein
beetje rekenwerk later in de partij  )}  )37... Ra1+ 38. Kf2 Qh4+ 39. Ke2 h6 $6
{ Er is in de laatste tijd veel over vrouwenschaak geschreven. Vandaar ook even
iets over mannenschaak. Volgens populaire clichés focussen mannen graag op één
ding  (  de legendarische tunnelblik  )  terwijl vrouwen eerder proberen het
geheel te overzien. Ik had bij 36. ... Ta2: hier 39. ...h6 gepland, en daarmee
is ook niets mis. Dus zette ik het gekozen plan gewoon om. Maar als de
bovenstaande theorie klopt, dan had elke vrouw een andere---en betere---zet
gespeeld, ook al heeft haar rating geen vier cijfers.}  ( 39... d3+ $1 40. Kxd3
Qxb4 $19 )40. Qd2 Qe7+ $5 { Inmiddels had ik door dat ik 39. ...d3+ had gemist.
Vandaar herhaalde ik even de zetten om na de tijdcontrole alles te kunnen
checken en niet nog een keer slachtoffer van schaakblindheid te worden  (  41.
Kd3 Ta3+ verliest meteen  )  .}  41. Kf2 ( 41. Kd3 Ra3+ 42. Kc4 Rc3+ $19 )41...
Qh4+ 42. Ke2 Qxh2 ( 42... d3+ $1 43. Ke3 Ra8 { leidt blijkbaar tot torenwinst,
maar de lezer snapt inmiddels dat ik in deze partij niet meer aan een relatie
met de zet d4-d3 zou beginnen...}  )( 42... Qxh2 43. Rc8+ Kh7 44. Qd3+ g6 45.
Rh8+ Kxh8 46. Qxd4+ Kh7 47. Qxa1 Qxg2+ $19 { kan wit nog eventjes rekken, maar
Greenfeld was zo sportief en zo praktisch  (  dubbele ronde  )  om dat niet te
doen.}  ) 0-1

[Event "Paul Keres-De Stukkenjagers"]
[Site "Utrecht"]
[Date "2010.03.06"]
[Round "7"]
[White "Sprenger, Jan"]
[Black "Wemmers, Xander"]
[Result "0-1"]
[BlackElo "2409"]
[WhiteElo "2509"]

1. e4 e6 2. d4 d5 3. Nd2 Be7 4. c3 c5 5. dxc5 Bxc5 6. Bd3 Ne7 7. Ngf3 Nbc6 8. h4
a5 9. h5 h6 10. Qe2 Qc7 11. Nb3 Bb6 12. e5 a4 13. Nbd4 Bxd4 14. cxd4 Nb4 15.
Bd2 Nxd3+ 16. Qxd3 Qc4 17. Qa3 b6 18. Rc1 Qb5 19. Rc7 { (  Diagramm  )}  19...
O-O $1 ( 19... Bd7 $13)20. Rxe7 Ba6 21. Kd1 Qe2+ 22. Kc1 Rfc8+ 23. Kb1 Bd3+ 24.
Ka1 Rc2 25. Bc3 Qxf2 26. Rb1 Be4 27. Rc7 Kh8 28. Rxf7 Qe3 29. Nd2 Bf5 30. Bb4
Qxd4 31. Qg3 Rg8 32. Bf8 g5 $2 ( 32... Qg4 $16)33. Be7 $2 ( 33. Qa3 $1
$18)33... Rgc8 34. Bf6+ Kg8 35. Rg7+ Kf8 36. Qa3+ R8c5 37. Rc7 { (  Diagramm 
)}  37... Rxd2 $1 ( 37... Qxd2 38. Be7+ Kg8 39. Qxa4 $18 )38. Be7+ Ke8 $1 (
38... Kg8 39. Bxc5 Rd1 40. Rc8+ $10 )39. Bxc5 { (  Diagramm  )}  39... Rd1 $3
40. Re7+ $2 ( 40. Rc8+ Kd7 41. Rc7+ $1 Kxc7 42. Bxb6+ $1 $10 )40... Kf8 $1  0-1